| 000 | 02522nab a2200301 a 4500 | ||
|---|---|---|---|
| 005 | 20240530063803.0 | ||
| 008 | 991125c2019 sp fr p o 000 0 spa d | ||
| 035 | _aUPN01000229385 | ||
| 040 |
_aMX-MxUPN _bspa _cMX-MxUPN _eaacr2 |
||
| 049 | _aART-E | ||
| 100 | 1 |
_aRuiz Corbella, Marta _6- mruiz@edu.uned.es |
|
| 100 | 1 | _aBautista Cerro Ruiz, Maria José | |
| 100 | 1 | _aGarcía Blanco, Miriam | |
| 245 | 1 | 0 |
_aPrácticas profesionales y la formación en competencias para la empleabilidad _h[recurso electrónico en línea] |
| 506 | 0 | _aAcceso abierto | |
| 520 | 3 | _aEn el diseño de los títulos universitarios uno de los puntos fundamentales que avalan su viabilidad es la empleabilidad de sus egresados. Garantizar la inserción en el mercado de trabajo es un objetivo clave promovido desde diferentes organismos, lo que conlleva que en las instituciones universitarias se impulsen iniciativas dirigidas a su logro. Ahora, esta empleabilidad no se logrará sin el aprendizaje de las competencias específicas y genéricas de cada título de Grado que avalen el diseño de su propio proyecto profesional, lo que facilitará aprender a afrontar su paso a la vida laboral con garantía de éxito. Con este objetivo la asignatura Prácticas Profesionales V del Grado en Educación Social de la UNED desarrolla una experiencia de innovación docente dirigida a saber elaborar un Proyecto Profesional propio. La indagación y recopilación de información, el análisis de la misma, la toma de decisiones fundamentadas y la propuesta de este proyecto aportan los elementos clave para gestionar su empleabilidad. Los resultados de esta experiencia se recogen con una metodología longitudinal “ex post-facto” a través de las calificaciones recibidas y los cuestionarios de satisfacción de los estudiantes. La experiencia a lo largo de 5 cursos académicos avala la formación de nuestros estudiantes en competencias para el empleo, a la vez que su alto grado de satisfacción ante esta formación. | |
| 650 | 4 |
_aEducación superior _932 |
|
| 650 | 2 |
_917151 _aEmpleo |
|
| 653 | 0 | _aPracticas profesionales | |
| 653 | 0 | _aProyecto profesional | |
| 653 | 0 | _aInserción laboral | |
| 773 |
_gNo. 23 (2019), p. 65-82 _tContextos educativos : revista de educación _x1695-5714 |
||
| 856 | 4 | 0 | _uhttps://publicaciones.unirioja.es/ojs/index.php/contextos/article/view/3560/3441 |
| 856 | 4 | 0 | _uhttp://doi.org/10.18172/con.3560 |
| 902 |
_aGloria Jiménez _bGloria Jiménez/220523 |
||
| 905 | _aArticulo | ||
| 942 | _cART-E | ||
| 999 |
_c201480 _d201480 |
||